Países que sediaram competições de seleções de futebol - Statistics

Estatísticas Gerais
  • Esse quiz foi jogado 54 vezes
  • A pontuação média é 257 de 313
Estatísticas das Respostas
Competição Ano País % Correto
Copa do Mundo da FIFA 2010 África do Sul
100%
Copa das Confederações da FIFA 2009 África do Sul
100%
Copa das Nações Africanas 1996 África do Sul
100%
Copa das Nações Africanas 2013 África do Sul
100%
Campeonato das Nações Africanas 2014 África do Sul
100%
Copa do Mundo da FIFA 2034 Arábia Saudita
100%
Copa das Confederações da FIFA 1992 Arábia Saudita
100%
Copa das Confederações da FIFA 1995 Arábia Saudita
100%
Copa das Confederações da FIFA 1997 Arábia Saudita
100%
Copa da Ásia 2027 Arábia Saudita
100%
Copa Árabe da FIFA 1985 Arábia Saudita
100%
Copa Árabe da FIFA 2012 Arábia Saudita
100%
Copa do Mundo da FIFA 1994 Estados Unidos
100%
Copa do Mundo da FIFA 2026 Estados Unidos
100%
Copa América 2016 Estados Unidos
100%
Copa América 2024 Estados Unidos
100%
Copa Ouro da CONCACAF 1985 Estados Unidos
100%
Copa Ouro da CONCACAF 1989 Estados Unidos
100%
Copa Ouro da CONCACAF 1991 Estados Unidos
100%
Copa Ouro da CONCACAF 1993 Estados Unidos
100%
Copa Ouro da CONCACAF 1996 Estados Unidos
100%
Copa Ouro da CONCACAF 1998 Estados Unidos
100%
Copa Ouro da CONCACAF 2000 Estados Unidos
100%
Copa Ouro da CONCACAF 2002 Estados Unidos
100%
Copa Ouro da CONCACAF 2003 Estados Unidos
100%
Copa Ouro da CONCACAF 2005 Estados Unidos
100%
Copa Ouro da CONCACAF 2007 Estados Unidos
100%
Copa Ouro da CONCACAF 2009 Estados Unidos
100%
Copa Ouro da CONCACAF 2011 Estados Unidos
100%
Copa Ouro da CONCACAF 2013 Estados Unidos
100%
Copa Ouro da CONCACAF 2015 Estados Unidos
100%
Copa Ouro da CONCACAF 2017 Estados Unidos
100%
Copa Ouro da CONCACAF 2019 Estados Unidos
100%
Copa Ouro da CONCACAF 2021 Estados Unidos
100%
Copa Ouro da CONCACAF 2023 Estados Unidos
100%
Copa Ouro da CONCACAF 2025 Estados Unidos
100%
Liga das Nações da CONCACAF (fase final) 2019-20 Estados Unidos
100%
Liga das Nações da CONCACAF (fase final) 2022-23 Estados Unidos
100%
Liga das Nações da CONCACAF (fase final) 2023-24 Estados Unidos
100%
Liga das Nações da CONCACAF (fase final) 2024-25 Estados Unidos
100%
Copa do Mundo da FIFA 1934 Itália
100%
Copa do Mundo da FIFA 1990 Itália
100%
UEFA Euro 1968 Itália
100%
UEFA Euro 1980 Itália
100%
UEFA Euro 2020 Itália
100%
UEFA Euro 2032 Itália
100%
Liga das Nações da UEFA (fase final) 2020-21 Itália
100%
Copa do Mundo da FIFA 2002 Japão
100%
Copa das Confederações da FIFA 2001 Japão
100%
Copa da Ásia 1992 Japão
100%
Copa do Mundo da FIFA 2018 Rússia
100%
Copa das Confederações da FIFA 2017 Rússia
100%
UEFA Euro 2020 Rússia
100%
Copa do Mundo da FIFA 2006 Alemanha
98%
Copa das Confederações da FIFA 2005 Alemanha
98%
UEFA Euro 2020 Alemanha
98%
UEFA Euro 2024 Alemanha
98%
Liga das Nações da UEFA (fase final) 2024-25 Alemanha
98%
Copa do Mundo da FIFA 1974 Alemanha Ocidental
98%
UEFA Euro 1988 Alemanha Ocidental
98%
Copa do Mundo da FIFA 1978 Argentina
98%
Copa do Mundo da FIFA 2030 Argentina
98%
Copa América 1916 Argentina
98%
Copa América 1921 Argentina
98%
Copa América 1925 Argentina
98%
Copa América 1929 Argentina
98%
Copa América 1937 Argentina
98%
Copa América 1946 Argentina
98%
Copa América 1959 Argentina
98%
Copa América 1975 Argentina
98%
Copa América 1979 Argentina
98%
Copa América 1983 Argentina
98%
Copa América 1987 Argentina
98%
Copa América 2011 Argentina
98%
Copa do Mundo da FIFA 1950 Brasil
98%
Copa do Mundo da FIFA 2014 Brasil
98%
Copa das Confederações da FIFA 2013 Brasil
98%
Copa América 1919 Brasil
98%
Copa América 1922 Brasil
98%
Copa América 1949 Brasil
98%
Copa América 1975 Brasil
98%
Copa América 1979 Brasil
98%
Copa América 1983 Brasil
98%
Copa América 1989 Brasil
98%
Copa América 2019 Brasil
98%
Copa América 2021 Brasil
98%
Copa do Mundo da FIFA 2022 Catar
98%
Copa da Ásia 1988 Catar
98%
Copa da Ásia 2011 Catar
98%
Copa da Ásia 2023 Catar
98%
Copa Árabe da FIFA 1998 Catar
98%
Copa Árabe da FIFA 2021 Catar
98%
Copa Árabe da FIFA 2025 Catar
98%
Copa Árabe da FIFA 2029 Catar
98%
Copa Árabe da FIFA 2033 Catar
98%
Copa do Mundo da FIFA 1962 Chile
98%
Copa América 1920 Chile
98%
Copa América 1926 Chile
98%
Copa América 1941 Chile
98%
Copa América 1945 Chile
98%
Copa América 1955 Chile
98%
Copa América 1975 Chile
98%
Copa América 1979 Chile
98%
Copa América 1983 Chile
98%
Copa América 1991 Chile
98%
Copa América 2015 Chile
98%
Copa do Mundo da FIFA 2002 Coreia do Sul
98%
Copa das Confederações da FIFA 2001 Coreia do Sul
98%
Copa da Ásia 1960 Coreia do Sul
98%
Copa do Mundo da FIFA 1970 México
98%
Copa do Mundo da FIFA 1986 México
98%
Copa do Mundo da FIFA 2026 México
98%
Copa das Confederações da FIFA 1999 México
98%
Copa Ouro da CONCACAF 1977 México
98%
Copa Ouro da CONCACAF 1993 México
98%
Copa Ouro da CONCACAF 2003 México
98%
Copa do Mundo da FIFA 1930 Uruguai
98%
Copa do Mundo da FIFA 2030 Uruguai
98%
Copa de Ouro dos Campeões Mundiais 1980 Uruguai
98%
Copa América 1917 Uruguai
98%
Copa América 1923 Uruguai
98%
Copa América 1924 Uruguai
98%
Copa América 1942 Uruguai
98%
Copa América 1956 Uruguai
98%
Copa América 1967 Uruguai
98%
Copa América 1975 Uruguai
98%
Copa América 1979 Uruguai
98%
Copa América 1983 Uruguai
98%
Copa América 1995 Uruguai
98%
Copa do Mundo da FIFA 2026 Canadá
96%
Copa Ouro da CONCACAF 1985 Canadá
96%
Copa Ouro da CONCACAF 2015 Canadá
96%
Copa Ouro da CONCACAF 2023 Canadá
96%
Copa Ouro da CONCACAF 2025 Canadá
96%
Copa do Mundo da FIFA 1982 Espanha
96%
Copa do Mundo da FIFA 2030 Espanha
96%
UEFA Euro 1964 Espanha
96%
UEFA Euro 2020 Espanha
96%
Copa do Mundo da FIFA 1938 França
96%
Copa do Mundo da FIFA 1998 França
96%
Copa das Confederações da FIFA 2003 França
96%
UEFA Euro 1960 França
96%
UEFA Euro 1984 França
96%
UEFA Euro 2016 França
96%
Copa do Mundo da FIFA 1966 Inglaterra
96%
UEFA Euro 1996 Inglaterra
96%
UEFA Euro 2020 Inglaterra
96%
UEFA Euro 2028 Inglaterra
96%
Copa do Mundo da FIFA 2030 Marrocos
96%
Copa das Nações Africanas 1988 Marrocos
96%
Copa das Nações Africanas 2025 Marrocos
96%
Campeonato das Nações Africanas 2018 Marrocos
96%
Copa do Mundo da FIFA 2030 Portugal
96%
UEFA Euro 2004 Portugal
96%
Liga das Nações da UEFA (fase final) 2018-19 Portugal
96%
Copa da Ásia 2015 Austrália
93%
Copa das Nações da OFC 1996 Austrália
93%
Copa das Nações da OFC 1998 Austrália
93%
Copa das Nações da OFC 2004 Austrália
93%
Copa das Nações Africanas 1959 República Árabe Unida (Egito e Síria)
91%
Copa América 1975 Venezuela
91%
Copa América 1979 Venezuela
91%
Copa América 1983 Venezuela
91%
Copa América 2007 Venezuela
91%
Copa América 1975 Colômbia
89%
Copa América 1979 Colômbia
89%
Copa América 1983 Colômbia
89%
Copa América 2001 Colômbia
89%
Copa das Nações Africanas 1974 Egito
89%
Copa das Nações Africanas 1986 Egito
89%
Copa das Nações Africanas 2006 Egito
89%
Copa das Nações Africanas 2019 Egito
89%
Copa América 1947 Equador
89%
Copa América 1959 Equador
89%
Copa América 1975 Equador
89%
Copa América 1979 Equador
89%
Copa América 1983 Equador
89%
Copa América 1993 Equador
89%
Copa América 1927 Peru
89%
Copa América 1935 Peru
89%
Copa América 1939 Peru
89%
Copa América 1953 Peru
89%
Copa América 1957 Peru
89%
Copa América 1975 Peru
89%
Copa América 1979 Peru
89%
Copa América 1983 Peru
89%
Copa América 2004 Peru
89%
Copa do Mundo da FIFA 1954 Suíça
89%
UEFA Euro 2008 Suíça
89%
Copa do Mundo da FIFA 2030 Paraguai
87%
Copa América 1975 Paraguai
87%
Copa América 1979 Paraguai
87%
Copa América 1983 Paraguai
87%
Copa América 1999 Paraguai
87%
Copa do Mundo da FIFA 1958 Suécia
87%
UEFA Euro 1992 Suécia
87%
Copa América 1963 Bolívia
84%
Copa América 1975 Bolívia
84%
Copa América 1979 Bolívia
84%
Copa América 1983 Bolívia
84%
Copa América 1997 Bolívia
84%
Copa das Nações da OFC 1973 Nova Zelândia
84%
Copa das Nações da OFC 1996 Nova Zelândia
84%
Copa das Nações da OFC 2002 Nova Zelândia
84%
Copa das Nações da OFC 2008 Nova Zelândia
84%
UEFA Euro 2012 Ucrânia
84%
UEFA Euro 2012 Polônia
82%
Copa Ouro da CONCACAF 1969 Costa Rica
80%
Copa Ouro da CONCACAF 1985 Costa Rica
80%
Copa Ouro da CONCACAF 1989 Costa Rica
80%
Copa Ouro da CONCACAF 2019 Costa Rica
80%
Copa Ouro da CONCACAF 2019 Jamaica
80%
Copa da Ásia 2004 China
76%
UEFA Euro 2028 Irlanda
76%
Copa das Nações Africanas 1992 Senegal
76%
UEFA Euro 2032 Turquia
76%
Copa das Nações Africanas 1990 Argélia
73%
Campeonato das Nações Africanas 2022 Argélia
73%
Copa da Ásia 1968 Irã
73%
Copa da Ásia 1976 Irã
73%
Copa das Nações Africanas 1980 Nigéria
73%
Copa das Nações Africanas 2000 Nigéria
73%
UEFA Euro 2008 Áustria
71%
UEFA Euro 1972 Bélgica
71%
UEFA Euro 2000 Bélgica
71%
UEFA Euro 2020 Escócia
71%
UEFA Euro 2028 Escócia
71%
Copa Ouro da CONCACAF 1967 Honduras
71%
Copa Ouro da CONCACAF 1981 Honduras
71%
Copa Ouro da CONCACAF 1985 Honduras
71%
Copa Ouro da CONCACAF 1989 Honduras
71%
Copa das Nações Africanas 2010 Angola
69%
Copa das Nações Africanas 1984 Costa do Marfim
69%
Copa das Nações Africanas 2023 Costa do Marfim
69%
Campeonato das Nações Africanas 2009 Costa do Marfim
69%
UEFA Euro 2020 Dinamarca
69%
Copa Ouro da CONCACAF 1963 El Salvador
69%
Copa Ouro da CONCACAF 1985 El Salvador
69%
Copa Ouro da CONCACAF 1989 El Salvador
69%
Copa da Ásia 1996 Emirados Árabes Unidos
69%
Copa da Ásia 2019 Emirados Árabes Unidos
69%
Copa Ouro da CONCACAF 1965 Guatemala
69%
Copa Ouro da CONCACAF 1985 Guatemala
69%
Copa Ouro da CONCACAF 1989 Guatemala
69%
Copa das Nações Africanas 1972 Camarões
67%
Copa das Nações Africanas 2021 Camarões
67%
Campeonato das Nações Africanas 2020 Camarões
67%
Copa Ouro da CONCACAF 1973 Haiti
67%
Copa Ouro da CONCACAF 1985 Haiti
67%
UEFA Euro 2000 Holanda
67%
UEFA Euro 2020 Holanda
67%
Liga das Nações da UEFA (fase final) 2022-23 Holanda
67%
UEFA Euro 2020 Hungria
67%
Copa da Ásia 2007 Indonésia
64%
Copa das Nações Africanas 1965 Tunísia
64%
Copa das Nações Africanas 1994 Tunísia
64%
Copa das Nações Africanas 2004 Tunísia
64%
Copa das Nações Africanas 1963 Gana
62%
Copa das Nações Africanas 1978 Gana
62%
Copa das Nações Africanas 2000 Gana
62%
Copa das Nações Africanas 2008 Gana
62%
Copa Árabe da FIFA 1966 Iraque
62%
UEFA Euro 2028 País de Gales
60%
UEFA Euro 2020 Romênia
60%
Copa da Ásia 1964 Israel
58%
Copa Árabe da FIFA 1992 Síria
53%
Copa das Nações Africanas 1962 Etiópia
51%
Copa das Nações Africanas 1968 Etiópia
51%
Copa das Nações Africanas 1976 Etiópia
51%
UEFA Euro 1976 Iugoslávia
51%
Copa das Nações Africanas 1982 Líbia
51%
Copa da Ásia 1972 Tailândia
51%
Copa da Ásia 2007 Tailândia
51%
Copa da Ásia 2007 Vietnã
51%
Copa das Nações Africanas 2012 Gabão
49%
Copa das Nações Africanas 2017 Gabão
49%
Copa das Nações da OFC 2016 Papua Nova Guiné
49%
Copa das Nações Africanas 1957 Sudão
49%
Copa das Nações Africanas 1970 Sudão
49%
Campeonato das Nações Africanas 2011 Sudão
49%
Copa das Nações da OFC 2008 Fiji
47%
Copa das Nações da OFC 2024 Fiji
47%
Copa das Nações Africanas 2027 Quênia
47%
Campeonato das Nações Africanas 2024 Quênia
47%
Copa das Nações Africanas 2002 Mali
44%
Copa Ouro da CONCACAF 1971 Trinidad e Tobago
44%
Copa Ouro da CONCACAF 1989 Trinidad e Tobago
44%
Copa Árabe da FIFA 1988 Jordânia
42%
Copa da Ásia 1980 Kuwait
42%
Copa Árabe da FIFA 1964 Kuwait
42%
Copa Árabe da FIFA 2002 Kuwait
42%
Copa da Ásia 2000 Líbano
42%
Copa Árabe da FIFA 1963 Líbano
42%
Copa da Ásia 1984 Singapura
40%
Copa da Ásia 2007 Malásia
38%
Copa das Nações Africanas 2027 Tanzânia
38%
Campeonato das Nações Africanas 2024 Tanzânia
38%
Copa das Nações da OFC 1996 Ilhas Salomão
33%
Copa das Nações da OFC 2012 Ilhas Salomão
33%
UEFA Euro 2020 Azerbaijão
29%
Copa das Nações Africanas 2027 Uganda
29%
Campeonato das Nações Africanas 2024 Uganda
29%
Copa das Nações da OFC 2008 Vanuatu
29%
Copa das Nações da OFC 2024 Vanuatu
29%
Copa das Nações Africanas 1998 Burkina Faso
27%
Copa das Nações Africanas 2012 Guiné Equatorial
24%
Copa das Nações Africanas 2015 Guiné Equatorial
24%
Copa das Nações da OFC 1996 Taiti
22%
Copa das Nações da OFC 2000 Taiti
22%
Campeonato das Nações Africanas 2016 Ruanda
18%
Copa da Ásia 1956 Hong Kong
11%
Copa das Nações da OFC 1980 Nova Caledônia
11%
Copa das Nações da OFC 2008 Nova Caledônia
11%
Nenhum quiz correspondente encontrado
Distribuição das Pontuações
Porcentagem de Pessoas com Cada Pontuação
Percentil de Números Respondidos
Sua Pontuação Histórica
Você não jogou esse quiz